| 000 | 00677nam a2200253 a 4500 | ||
|---|---|---|---|
| 999 |
_c8024 _d8024 |
||
| 001 | 8024 | ||
| 003 | BD - JhCC | ||
| 005 | 20180717091823.0 | ||
| 008 | 880808s1948 enk 000 1 eng d | ||
| 035 | _aoxf98005726 | ||
| 035 | _a(BD - JhCC)8024 | ||
| 040 |
_aFXG _cFXG _dm.c _dBD - JhCC |
||
| 041 | _aeng | ||
| 050 | 1 | 4 |
_aPR6005.O4 _bV4 1948 |
| 082 | _bCON 1948 | ||
| 100 | 1 |
_aConrad, Joseph, _d1857-1924. |
|
| 245 | 1 | 0 |
_aVictory / _cby Joseph Conrad. |
| 260 |
_aLondon : _bDent, _c1948. |
||
| 300 |
_axvii, 412 p. : _bmap ; _c19 cm. |
||
| 490 | 1 | _aCollected edition of the works of Joseph Conrad | |
| 500 | _aFirst published 1915. | ||
| 942 |
_2ddc _cBK |
||